Professional Python. (Record no. 159)

MARC details
005 - DATE AND TIME OF LATEST TRANSACTION
control field 20250617150114.0
020 ## - INTERNATIONAL STANDARD BOOK NUMBER
International Standard Book Number 978-1-119-07085-6
082 ## - DEWEY DECIMAL CLASSIFICATION NUMBER
Classification number 005.133 SNE
100 ## - MAIN ENTRY--PERSONAL NAME
Author name SNEERINGER, L.
245 ## - TITLE STATEMENT
Title Professional Python.
260 ## - PUBLICATION, DISTRIBUTION, ETC.
Place of publication, distribution, etc. New York,
Name of publisher, distributor, etc. John Wiley &son, Inc,
Date of publication, distribution, etc. 2016.
300 ## - PHYSICAL DESCRIPTION
Extent 260p.: ill.; table
Other physical details Index
Dimensions 23cm.
942 ## - ADDED ENTRY ELEMENTS (KOHA)
Source of classification or shelving scheme Dewey Decimal Classification
Koha item type Books
Holdings
Date last seen Total checkouts Full call number Barcode Cost, replacement price Price effective from Koha item type Lost status Source of classification or shelving scheme Damaged status Not for loan Withdrawn status Home library Current library Shelving location Date acquired Cost, normal purchase price
03/07/2025   005.133 SNE 000000364 75000.00 03/07/2025 Books   Dewey Decimal Classification       College of Business Education Main Library College of Business Education Main Library General Collection 03/07/2025 25000.00
03/07/2025   005.133 SNE 000000365 75000.00 03/07/2025 Books   Dewey Decimal Classification       College of Business Education Main Library College of Business Education Main Library General Collection 03/07/2025 25000.00
03/07/2025   005.133 SNE 000000366 75000.00 03/07/2025 Books   Dewey Decimal Classification       College of Business Education Main Library College of Business Education Main Library General Collection 03/07/2025 25000.00